[Event "Asia-ch Girls"]
[Site "Macau"]
[Date "1996.??.??"]
[Round "?"]
[White "Safira, Shahnaz"]
[Black "Xu Yuhua"]
[Result "0-1"]
[WhiteElo "2040"]
[BlackElo "2280"]

1.d4 Nf6 2.Nf3 e6 3.c4 b6 4.a3 Bb7 5.Nc3 d5 6.cxd5 exd5 7.Bg5 Be7 8.Bxf6 Bxf6
9.e3 O-O 10.Bd3 c5 11.Rc1 g6 12.O-O Nc6 13.Bb1 cxd4 14.exd4 Na5 15.Ba2 Bg7
16.Re1 Rc8 17.Rc2 Nc4 18.Rce2 Nxb2 19.Rxb2 Rxc3 20.Qa4 Bc8 21.Qxa7 Rxf3 22.gxf3 Qg5+
23.Kh1 Bh3 24.Rg1 Bg2+ 25.Rxg2 Qc1+ 26.Rg1 Qxb2 27.Bxd5 Qxd4 28.Be4 Qxf2
29.Qa6 Rd8 30.Qf1 Qa2 31.Qb1 Rd2 32.Qxa2 Rxa2 33.Bd5 Rxa3 34.Rc1 Ra1 35.Rxa1 Bxa1
36.Bc4 Be5 37.h3 Kg7 38.Kg2 f5 39.Kf2 Bf4 40.Ke2 Kf6 41.Kf2 g5 42.Bd3 h5
43.Be2 Ke5 44.Kg2 Kd4 45.Bb5 g4 46.Bd7 g3 47.h4 Ke5 48.Be8 Kf6 49.Bxh5 b5
50.Be8 b4 51.Ba4 Be5 52.f4 Bxf4 53.Kf3 Be5 54.Bb3 f4 55.h5 Kg5 56.Bf7 Bg7
57.Be6 Kh4 58.Bd5 Kg5 59.Kg2 Kf5 60.Kf3 Ke5 61.Be4 b3 62.Bb1 b2 63.Kg2 Kd4  0-1

[Event "Maribor"]
[Site "Maribor"]
[Date "1996.??.??"]
[Round "?"]
[White "Kozul, Zdenko"]
[Black "Sax, Gyula"]
[Result "1/2-1/2"]
[WhiteElo "2580"]
[BlackElo "2560"]

1.d4 Nf6 2.c4 e6 3.Nf3 b6 4.a3 Ba6 5.e3 d5 6.b3 Be7 7.Bb2 O-O 8.Bd3 dxc4
9.bxc4 c5 10.O-O Nc6 11.Qe2 Re8 12.Nbd2 Bb7 13.Rad1 cxd4 14.exd4 Bf8 15.Bb1 g6
16.Ng5 Bg7 17.Ndf3 Qc7 18.Qc2 h6 19.Nh3 Ng4  1/2-1/2

[Event "SVK-ch"]
[Site "Martin"]
[Date "1996.??.??"]
[Round "4"]
[White "Debnar, Lubos"]
[Black "Polak, Tomas"]
[Result "1/2-1/2"]
[WhiteElo "2265"]
[BlackElo "2440"]

1.d4 Nf6 2.c4 e6 3.Nf3 b6 4.a3 Bb7 5.Nc3 d5 6.cxd5 exd5 7.Bf4 Be7 8.h3 O-O
9.e3 c6 10.Bd3 Nbd7 11.O-O Re8 12.Re1 Nf8 13.Rc1 Ng6 14.Bg3 Bd6 15.Bxd6 Qxd6
16.b4 Ne4 17.Qb3 f5 18.Bxe4 fxe4 19.Ng5 Nh4 20.Ngxe4 Qh6 21.Ng3 Kh8 22.Qd1 Rf8
23.Qh5 Qf6 24.Rc2 Rae8 25.Rec1 Re6  1/2-1/2

[Event "Wch U20"]
[Site "Medellin"]
[Date "1996.??.??"]
[Round "2"]
[White "Vescovi, Giovanni"]
[Black "Lauber, Arnd"]
[Result "1/2-1/2"]
[WhiteElo "2490"]
[BlackElo "2380"]

1.Nf3 Nf6 2.d4 e6 3.c4 b6 4.a3 Ba6 5.Qc2 Bb7 6.Nc3 c5 7.e4 cxd4 8.Nxd4 Bc5
9.Nb3 Nc6 10.Bg5 h6 11.Bh4 Nd4 12.Nxd4 Bxd4 13.Rd1 Bxc3+ 14.Qxc3 Bxe4 15.Bg3 O-O
16.Bd6 Re8 17.Qe5 Qc8 18.f3 Bg6 19.Be2 Qb7 20.O-O Rec8 21.Rd2 Ne8 22.Rfd1 Nxd6
23.Rxd6 Rc7 24.Qd4 Rd8 25.Rd2 Qc8 26.f4 Qb7 27.Bf3 Qc8 28.b3 Qa6 29.a4 Qa5
30.h3 Qc5 31.Qxc5 bxc5 32.Bc6 Bc2 33.Bb5 Be4 34.Bxd7 Kf8 35.Bb5 Rxd6 36.Rxd6 Bc2
37.Rd2 Bxb3 38.a5 a6 39.Bxa6 Ra7 40.Rd6 Bc2 41.Kf2 Be4 42.g3 Ke7 43.Rb6 h5
44.g4  1/2-1/2

[Event "Wch U20"]
[Site "Medellin"]
[Date "1996.??.??"]
[Round "5"]
[White "Pelletier, Yannick"]
[Black "Hernandez, Alexander"]
[Result "1-0"]
[WhiteElo "2440"]
[BlackElo "2265"]

1.d4 Nf6 2.c4 e6 3.Nf3 b6 4.a3 Bb7 5.Nc3 Be7 6.d5 d6 7.e4 e5 8.Be2 Nbd7 9.O-O a5
10.b3 Nf8 11.Ne1 Ng6 12.Nd3 O-O 13.Be3 Bc8 14.g3 Bh3 15.Re1 Qc8 16.f3 Bd7
17.Qd2 Ne8 18.Nf2 f5 19.exf5 Bxf5 20.b4 Nf6 21.Nfe4 Nxe4 22.Nxe4 Nh8 23.Rec1 axb4
24.axb4 Rxa1 25.Rxa1 Nf7 26.Bd3 h6 27.h4 Kh8 28.Kh2 Bh7 29.Kg2 Qb7 30.Qc2 Bg8
31.Qa2 Qc8 32.Nf2 e4 33.Bxe4 Ne5 34.f4 Ng4 35.Nxg4 Qxg4 36.Bf3 Qg6 37.Qb1 Qxb1
38.Rxb1 Ra8 39.Bd4 Bh7 40.Re1 Bf8 41.Be4 Bxe4+ 42.Rxe4 Kg8 43.g4 Ra4 44.Bc3 Ra2+
45.Kf3 Rc2 46.Re3 Kf7 47.f5 Rc1 48.g5 Rf1+ 49.Kg4 h5+ 50.Kxh5 Rxf5 51.Kg4 g6
52.h5 Rf1 53.h6 Rg1+ 54.Rg3 Rh1 55.Rh3 Rxh3 56.Kxh3 Kg8 57.Bf6 Kh7 58.Kg4 Kg8
59.Kf4 Kh7 60.Bd8  1-0

[Event "Melbourne Masters"]
[Site "Melbourne"]
[Date "1996.??.??"]
[Round "8"]
[White "Leskiewicz, Maksymilian"]
[Black "Nguyen Anh Dung"]
[Result "0-1"]
[WhiteElo "2175"]
[BlackElo "2480"]

1.d4 Nf6 2.c4 e6 3.Nf3 b6 4.a3 Bb7 5.Nc3 d5 6.Qc2 Be7 7.Bd2 O-O 8.cxd5 exd5
9.Bg5 Nbd7 10.e3 h6 11.Bh4 c5 12.Rd1 Rc8 13.Bd3 Ne4 14.Nxe4 cxd4 15.Qb1 dxe4
16.Bxe4 Bxh4 17.Bxb7 Rc7 18.Qe4 Bf6 19.b4 Re8 20.Qd5 dxe3 21.fxe3 Rxe3+ 22.Kf2 Qe7
23.Rhe1 Rc2+ 24.Rd2 Rxf3+ 25.gxf3 Rxd2+ 26.Qxd2 Bh4+ 27.Kf1 Bxe1 28.Qxe1 Kf8
29.Qxe7+ Kxe7 30.Ke2 Kd6 31.Ba6 Kc6 32.Bc4 Ne5 33.Bb3 Kb5 34.f4 Nc4 35.Kd3 Nxa3
36.Kc3 Nb1+ 37.Kc2 Kxb4 38.Bxf7 Nc3 39.Kd3 a5 40.h4 a4 41.f5 a3 42.Kc2 a2
43.Kb2 a1=Q+ 44.Kxa1 Ka3 45.h5 b5 46.Be6 b4 47.Bf7 Ne4 48.Bd5 Nd2 49.Be6 b3
50.Bxb3 Nxb3+  0-1

[Event "Wch U16 Girls"]
[Site "Menorca"]
[Date "1996.??.??"]
[Round "10"]
[White "Radziewicz, Iweta"]
[Black "Ghate, Swati"]
[Result "0-1"]
[WhiteElo "2270"]
[BlackElo "2160"]

1.d4 Nf6 2.c4 e6 3.Nf3 b6 4.a3 Ba6 5.Qc2 c5 6.dxc5 bxc5 7.g3 Nc6 8.Bg2 Be7
9.O-O O-O 10.Rd1 Qc7 11.b3 Rfd8 12.Bf4 d6 13.Nc3 Rab8 14.h3 Nd4 15.Nxd4 cxd4
16.Na2 Bb7 17.Bxb7 Qxb7 18.Rab1 e5 19.Bg5 d5 20.Bxf6 gxf6 21.c5 Qc8 22.b4 Qxh3
23.Rd3 Kh8 24.Qd1 Rg8 25.Rbb3 Rg6 26.Qf1 Qh5 27.Nc1 f5 28.Qg2 Rd8 29.Kf1 Bf6
30.Ke1 Bg5 31.Rb1 Bf6 32.Nb3 f4 33.Kd1 e4 34.Rxd4 Bxd4 35.Nxd4 Qe5 36.e3 fxe3
37.fxe3 Rxg3 38.Qd2 Rdg8 39.Kc2 Rg2 40.Ne2 Qh5 41.Re1 Qe5 42.Kb3 Rd8 43.Qc1 d4
44.Nxd4 Rxd4 45.exd4 Qe6+ 46.Ka4 Qa6+ 47.Kb3 Rg3+ 48.Re3 Qh6 49.c6 Rxe3+
50.Ka4 Qh3 51.d5 Rc3 52.Qg5 Rxa3+ 53.Kb5 Qf1+ 54.Kc5 f6 55.Qh6 Kg8 56.Kd6 Qf5
57.Qd2 Rd3 58.Qa2 Qe5+ 59.Kc5 Kf8 60.b5 Rc3+ 61.Kb4 Qd4+ 62.Ka5 Qc5  0-1

[Event "Metz op"]
[Site "Metz"]
[Date "1996.??.??"]
[Round "?"]
[White "Eingorn, Vereslav S"]
[Black "Mayer, J."]
[Result "1-0"]
[WhiteElo "2530"]
[BlackElo "2010"]

1.d4 Nf6 2.c4 e6 3.Nf3 b6 4.a3 Ba6 5.Nbd2 Bb7 6.e3 c5 7.Bd3 cxd4 8.exd4 d6
9.O-O Be7 10.b3 O-O 11.Bb2 Nbd7 12.Re1 Re8 13.Nf1 Qc7 14.Ng3 Bf8 15.Rc1 Rad8
16.Ng5 h6 17.N5e4 Qb8 18.Nxf6+ Nxf6 19.d5 e5 20.f4 exf4 21.Bxf6 fxg3 22.Bxd8 gxh2+
23.Kxh2 Qxd8 24.Qg4 Re5 25.Rxe5 dxe5 26.Rf1 g6 27.Rxf7  1-0

[Event "Milan"]
[Site "Milan"]
[Date "1996.??.??"]
[Round "3"]
[White "Sulava, Nenad"]
[Black "Valenti, Giuseppe"]
[Result "1/2-1/2"]
[WhiteElo "2480"]
[BlackElo "2210"]

1.d4 e6 2.Nf3 Nf6 3.c4 b6 4.a3 Bb7 5.Nc3 d5 6.Bg5 Be7 7.Qa4+ c6 8.Bxf6 Bxf6
9.cxd5 exd5 10.g3 O-O 11.Bg2 Re8 12.O-O Nd7 13.Rad1 Re7 14.Rfe1 c5 15.Qb3 c4
16.Qc2 Rc8 17.Nb5 a6 18.Nd6 Rc7 19.e4 dxe4 20.Nxb7 Rxb7 21.Ne5 Rc7 22.Bxe4 Qe8
23.Bxh7+ Kh8 24.Bf5 Nxe5 25.dxe5 Rxe5 26.Kf1 g6 27.f4 Rxe1+ 28.Rxe1 Qb5 29.Bxg6 fxg6
30.Qxg6 c3+ 31.Re2 Bg7 32.Ke1 Qxe2+ 33.Kxe2 c2 34.Qe8+ Kh7 35.Qh5+ Kg8 36.Qe8+ Kh7
37.Qh5+  1/2-1/2

[Event "Amber-blind 5th"]
[Site "Monte Carlo"]
[Date "1996.??.??"]
[Round "1"]
[White "Piket, Jeroen"]
[Black "Ljubojevic, Ljubomir"]
[Result "1/2-1/2"]
[WhiteElo "2570"]
[BlackElo "2600"]

1.d4 Nf6 2.c4 e6 3.Nf3 b6 4.a3 Bb7 5.Nc3 d5 6.Qc2 Nbd7 7.cxd5 exd5 8.g3 Be7
9.Bg2 O-O 10.O-O Re8 11.Bf4 Nh5 12.Be3 Nhf6 13.Rad1 a6 14.Ne5 Bf8 15.f4 c5
16.h3 Rc8 17.Qb1 cxd4 18.Bxd4 Bc5 19.e3 Qe7 20.Kh2 Bxd4 21.exd4 Qd6 22.Rfe1 Nf8
23.Re3 Re7 24.Rde1 Rce8 25.Qd3 Ne6 26.R3e2 Nf8 27.Bf3 h6 28.Kg1 Ne6 29.Ng4 Ne4
30.Kg2 f5 31.Ne5 Rc7 32.Rc2 Rec8 33.Rec1 g5 34.Ne2 Kg7 35.Kh2 Kf6 36.fxg5+ hxg5
37.Rxc7 Rxc7 38.Rf1 Bc8 39.Bxe4 dxe4 40.Qxe4 Nf4 41.Rxf4 gxf4 42.Qxf4 Rc2
43.Qh6+ Ke7 44.Qg7+ Ke8 45.Qg8+ Ke7 46.Qh7+ Ke8 47.Qh5+ Ke7  1/2-1/2

[Event "Amber-blind 5th"]
[Site "Monte Carlo"]
[Date "1996.??.??"]
[Round "5"]
[White "Lautier, Joel"]
[Black "Karpov, Anatoly"]
[Result "1-0"]
[WhiteElo "2630"]
[BlackElo "2770"]

1.d4 Nf6 2.c4 e6 3.Nf3 b6 4.a3 Bb7 5.Nc3 d5 6.Qc2 dxc4 7.e4 c5 8.d5 exd5
9.exd5 Bd6 10.Bg5 O-O 11.O-O-O Nbd7 12.Bxc4 Qb8 13.Kb1 a6 14.Ne4 Nxe4 15.Qxe4 Re8
16.Qg4 Nf8 17.Bd3 Bc8 18.Qh5 Qc7 19.Rc1 Bd7 20.Bd2 Bb5 21.Bc2 Be2 22.Rhe1 Bxf3
23.Qxf3 b5 24.h4 Re7 25.Rxe7 Qxe7 26.h5 Re8 27.h6 gxh6 28.Re1 Qd8 29.Rh1 b4
30.axb4 cxb4 31.Rxh6 a5 32.Bxh7+ Nxh7 33.Qg4+ Kh8 34.Qf5  1-0

[Event "Amber-blind 5th"]
[Site "Monte Carlo"]
[Date "1996.??.??"]
[Round "9"]
[White "Karpov, Anatoly"]
[Black "Ljubojevic, Ljubomir"]
[Result "1-0"]
[WhiteElo "2770"]
[BlackElo "2600"]

1.d4 Nf6 2.c4 e6 3.Nf3 b6 4.a3 Ba6 5.Qc2 c5 6.d5 exd5 7.cxd5 Bb7 8.e4 Qe7
9.Bd3 Nxd5 10.O-O Nc7 11.Nc3 Qd8 12.Bc4 Be7 13.Be3 Ba6 14.Bxa6 Nbxa6 15.Rad1 O-O
16.Qa4 Nb8 17.Rd2 a6 18.Rfd1 Qc8 19.e5 Ra7 20.h4 Rb7 21.Bg5 Re8 22.Qg4 Bf8
23.h5 d5 24.Qxc8 Rxc8 25.Nxd5 Nc6 26.Nxc7 Rbxc7 27.Rd5 h6 28.Be3 Re7 29.g4 Ree8
30.Bf4 Red8 31.Kg2 Be7 32.Rd7 Kf8 33.R1d2 Ke8 34.Rb7 Rb8 35.Rxb8 Nxb8 36.Rxd8+ Bxd8
37.Nd2 Nc6 38.Kf3 f6 39.Nc4 fxe5 40.Nxe5 Nxe5+ 41.Bxe5 c4 42.Ke4 Kf7 43.Kd5 b5
44.f4 Ba5 45.Kc6 Bd8 46.Kd5 Bb6 47.g5 hxg5 48.fxg5 g6 49.h6 Kg8 50.Bd4 Bd8
51.Bf6 Bb6 52.Bd4 Bd8 53.Be3 Bc7 54.Bc1 Bb6 55.Kc6 Bf2 56.Kb7 a5 57.Ka6 b4
58.Kxa5 bxa3 59.bxa3 Be1+ 60.Ka4 Kh7 61.Bf4 Kg8 62.Be3 Kh7 63.Bc1 Kg8 64.Be3 Kh7
65.Bf4 Kg8 66.Bc1 Kh7 67.Kb5 c3 68.a4 Bd2 69.Ba3 c2 70.a5 Bxg5 71.a6 Be3
72.Kc4 g5 73.Kd3 Ba7 74.Kxc2 g4 75.Bd6 Kxh6 76.Kd3 Kg5 77.Bg3 Kf5 78.Bh2 Bf2
79.Bb8 Bg1 80.Bc7 Ba7 81.Bg3 Bg1 82.Ke2 Ba7 83.Bf2 Bb8 84.Kd3 Kf4 85.Kc4 Kf3
86.Bb6 Ke4 87.Kc5 Kd3 88.Kc6 Kc4 89.Kb7 Kb5 90.Bf2 Ka5 91.Bh4 Kb5 92.Be1 Ba7
93.Kxa7 Kc6 94.Kb8  1-0

[Event "Moravia-ch op"]
[Site "Moravia"]
[Date "1996.??.??"]
[Round "?"]
[White "Michalski, Olaf"]
[Black "Kislov, Sergey"]
[Result "0-1"]
[WhiteElo "2305"]
[BlackElo "2335"]

1.d4 Nf6 2.c4 e6 3.Nf3 b6 4.a3 Bb7 5.Nc3 g6 6.d5 Bg7 7.g3 O-O 8.Bg2 exd5
9.cxd5 c5 10.O-O d6 11.Bf4 Re8 12.Re1 Na6 13.Nd2 Nh5 14.Be3 Qd7 15.Qb3 Nc7
16.a4 Ba6 17.Nc4 Bxc4 18.Qxc4 a6 19.Qb3 b5 20.a5 Rab8 21.Qc2 Nf6 22.Bc1 b4
23.Na4 Nfxd5 24.Rd1 Qe6 25.e4 Ne7 26.Bf4 Rbd8 27.Nxc5 dxc5 28.Bxc7 Rxd1+
29.Rxd1 Bd4 30.Bb6 b3 31.Qd3 Nc8 32.Bc7 Na7 33.Rc1 Nb5 34.Bb6 Rc8 35.Rc4 Nd6
36.Rc1 Nb5 37.Rb1 c4 38.Qd2 Bxb6 39.axb6 Qxb6 40.Qd1 Qb7 41.Qd2 Rd8 42.Qb4 Nd4
43.Bf1 Nf3+ 44.Kg2 Nd2 45.Rc1 Qxe4+  0-1

[Event "Moscow GM3"]
[Site "Moscow"]
[Date "1996.??.??"]
[Round "?"]
[White "Korotylev, Alexey"]
[Black "Mitenkov, Alexey"]
[Result "1/2-1/2"]
[WhiteElo "2440"]
[BlackElo "2445"]

1.d4 Nf6 2.c4 e6 3.Nf3 b6 4.a3 Bb7 5.Nc3 d5 6.Qc2 Be7 7.cxd5 Nxd5 8.Bd2 O-O
9.e4 Nxc3 10.Bxc3 c5 11.dxc5 bxc5 12.Rd1 Qc8 13.Be2 Nc6 14.O-O Rd8 15.Qa4 Qc7
16.Ba6 Qb6 17.Bxb7 Qxb7 18.Rxd8+ Rxd8 19.Rd1 Rxd1+ 20.Qxd1 h6 21.h3 Nb8 22.Qa4 Nd7
23.Ne5 Nxe5 24.Bxe5 Kh7 25.Qc2 Qa6 26.Bf4 c4 27.Be3 Bd8 28.e5+ Kg8 29.Qe4 Bb6
30.Qc6 Kh7 31.g3 Qa5 32.Qxc4 Qxe5 33.Bxb6 axb6 34.Qb4 b5 35.b3 Qd5 36.a4 Qd1+
37.Kg2 Qd5+ 38.Kh2 Qf3 39.Qc5 bxa4 40.bxa4 f5 41.a5 f4 42.Qc2+ Kh8 43.a6 fxg3+
44.fxg3 Qe3 45.Kg2 Qa3 46.Qc8+ Kh7 47.Qxe6 Qb2+ 48.Kf1 Qa1+ 49.Ke2 Qb2+ 50.Kd3 Qa3+
51.Kd4 Qa1+ 52.Kd3 Qa3+  1/2-1/2

[Event "Moscow GM2"]
[Site "Moscow"]
[Date "1996.??.??"]
[Round "?"]
[White "Rustemov, Alexander"]
[Black "Pogorelov, Ruslan"]
[Result "1-0"]
[WhiteElo "2495"]
[BlackElo "2440"]

1.d4 Nf6 2.c4 e6 3.Nf3 b6 4.a3 Ba6 5.Qc2 Bb7 6.Nc3 c5 7.e4 cxd4 8.Nxd4 d6
9.Be2 Nbd7 10.O-O Be7 11.Rd1 a6 12.a4 Qc7 13.a5 O-O 14.Be3 bxa5 15.Nb3 Nc5
16.Nxc5 dxc5 17.f4 Bc6 18.e5 Nd7 19.Bd3 h6 20.Bh7+ Kh8 21.Be4 Nb6 22.Bxc6 Qxc6
23.b3 a4 24.Nxa4 Nxa4 25.Rxa4 Rab8 26.Rda1 Rb6 27.Bd2 Rfb8 28.R4a3 Kg8 29.Ba5 R6b7
30.Bc3 Rb6 31.Ba5 R6b7 32.Rd1 Rd7 33.Rxd7 Qxd7 34.Bc3 Qc6 35.Kf1 g6 36.Kf2 h5
37.Qe2 Kf8 38.Qf3 Qxf3+ 39.Kxf3 Ke8 40.Ke4 Kd7 41.Kd3 Kc8 42.Kc2 Kb7 43.Ra1 Rd8
44.Rf1 Rd7 45.Rf3 Kc6 46.Rh3 Bd8 47.Rf3 Bc7 48.Be1 Bd8 49.Bd2 Bc7 50.Rf1 Bd8
51.Ra1 Kb7 52.Be3 Bb6 53.Ra4 Ba7 54.h3 Rd8 55.Bf2 Rd7 56.Ra1 Bb6 57.g4 hxg4
58.hxg4 Rd8 59.Rh1 Kc6 60.Rh7 Ba5 61.Be3 Rd7 62.Rh8 Bb4 63.Ra8 Kb7 64.Rh8 Kc6
65.Rh7 Kc7 66.Bc1 Kc6 67.Rh6 Kb7 68.Be3 a5 69.Rh8 Kc7 70.Rh2 Kb6 71.f5 gxf5
72.gxf5 exf5 73.Rh6+ Kc7 74.Rf6 Kb7 75.Rxf5 Kc6 76.Rf6+ Kb7 77.Bf4 Kc8 78.Rb6 Rd8
79.Bg5 Rd7 80.Rf6 Kb7 81.Bh6 Kc8 82.Rf2 Re7 83.Bg7 Kb7 84.Kd3 Rd7+ 85.Ke4 Bc3
86.Kf5 Bd4 87.Ra2 Kb6 88.Bf8 Rb7 89.Bd6 Ka6 90.Kf6 Rxb3 91.Kxf7 Rf3+ 92.Ke7 Kb6
93.Kd7 Rf7+ 94.Kd8 Rh7 95.e6 Kc6 96.Bf8 Ra7 97.Ke8 a4 98.e7 a3 99.Kf7 Bb2
100.Ke6 Ra8 101.Bh6 Rc8 102.Bg5 Kc7 103.Bf6 Rb8 104.Kf7 Kd6 105.e8=Q Rxe8
106.Kxe8 Bxf6 107.Rxa3 Ke5 108.Rd3 Ke4 109.Rd1 Ke3 110.Kd7 Ke2 111.Rd5 Bd4
112.Kc6 Kd3 113.Rxc5  1-0

[Event "Moscow Alekhine op"]
[Site "Moscow"]
[Date "1996.??.??"]
[Round "1"]
[White "Zhurina, Elizaveta"]
[Black "Tunik, Gennady"]
[Result "0-1"]
[WhiteElo "2220"]
[BlackElo "2475"]

1.d4 Nf6 2.c4 e6 3.Nf3 b6 4.a3 Ba6 5.Qc2 Bb7 6.Nc3 c5 7.e4 cxd4 8.Nxd4 Nc6
9.Nxc6 Bxc6 10.Be2 Qb8 11.Bf3 Bd6 12.h3 O-O 13.O-O Bh2+ 14.Kh1 Be5 15.Bd2 Qc7
16.Rad1 Rac8 17.Qb1 h6 18.Ne2 Nh7 19.Bb4 Rfe8 20.Nd4 Ng5 21.h4 Nxf3 22.Nxf3 a5
23.Bd2 Rf8 24.Rfe1 f5 25.Nxe5 Qxe5 26.exf5 Qf6 27.Kg1 Qxh4  0-1

[Event "RUS-Cup2"]
[Site "Moscow"]
[Date "1996.??.??"]
[Round "1"]
[White "Umanskaya, Irina"]
[Black "Shipov, Sergei"]
[Result "0-1"]
[WhiteElo "2295"]
[BlackElo "2535"]

1.d4 Nf6 2.Nf3 e6 3.c4 b6 4.a3 Bb7 5.Nc3 d5 6.Qc2 Be7 7.cxd5 Nxd5 8.Bd2 O-O
9.e4 Nxc3 10.Bxc3 Nd7 11.Rd1 c5 12.dxc5 Qc8 13.cxb6 axb6 14.Bb5 Nc5 15.Nd2 Ba6
16.a4 Bxb5 17.axb5 Na4 18.Nb1 Bf6 19.O-O Nxc3 20.Nxc3 Qc4 21.Rd6 Be5 22.Qd3 Qxd3
23.Rxd3 Ra5 24.Rfd1 g5 25.g3 Re8 26.Rd8 Rxd8 27.Rxd8+ Kg7 28.Kg2 g4 29.h3 h5
30.hxg4 hxg4 31.Kf1 Bxc3 32.bxc3 Rxb5 33.Ke2 Rb2+ 34.Ke3 Rc2 35.Kf4 Rxf2+
36.Kxg4 Kf6 37.Rb8 Ke5 38.Rxb6 Kxe4 39.Rb1 Kd3 40.Kg5 Kxc3 41.g4 e5 42.Re1 Kd3
43.Rd1+ Ke2 44.Ra1 e4 45.Ra2+ Kf3 46.Ra7 Kg3  0-1

[Event "Moscow-ch"]
[Site "Moscow"]
[Date "1996.??.??"]
[Round "2"]
[White "Umanskaya, Irina"]
[Black "Mitenkov, Alexey"]
[Result "1-0"]
[WhiteElo "2295"]
[BlackElo "2470"]

1.d4 Nf6 2.c4 e6 3.Nf3 b6 4.a3 Bb7 5.Nc3 d5 6.Qc2 Be7 7.cxd5 Nxd5 8.Bd2 O-O
9.e4 Nxc3 10.Bxc3 Nd7 11.Rd1 c5 12.dxc5 Qc7 13.cxb6 axb6 14.Bb5 Nc5 15.Nd2 f5
16.O-O fxe4 17.b4 Nd3 18.Nxe4 Bxe4 19.Bxd3 Bxd3 20.Rxd3 Rxa3 21.Rg3 Rf7 22.Qb2 Qa7
23.Rxg7+ Rxg7 24.Bxg7 Bxb4 25.Qxb4 Kxg7 26.Qg4+ Kf7 27.Qh5+ Kf6 28.Qh6+ Kf5
29.Re1 Qf7 30.h3  1-0

[Event "Moscow-ch"]
[Site "Moscow"]
[Date "1996.??.??"]
[Round "2"]
[White "Gavrilov, Alexei"]
[Black "Verner, A."]
[Result "1-0"]
[WhiteElo "2445"]
[BlackElo "2355"]

1.d4 Nf6 2.c4 e6 3.Nf3 b6 4.a3 Ba6 5.Qc2 c5 6.d5 exd5 7.cxd5 g6 8.Nc3 d6
9.g3 Bg7 10.Bg2 O-O 11.O-O Nbd7 12.h3 Qe7 13.Re1 Ne8 14.Bg5 f6 15.Bd2 Nc7
16.b4 Ne5 17.Nxe5 Qxe5 18.Bf4 Qe7 19.bxc5 bxc5 20.Ne4 Rad8 21.Rad1 Ne8 22.h4 Bc8
23.Nd2 g5 24.hxg5 fxg5 25.Be3 h6 26.Nc4 Nf6 27.Qg6 Qd7 28.Bd2 Qg4 29.Ne3 Qd7
30.Ba5  1-0

[Event "Moscow-ch"]
[Site "Moscow"]
[Date "1996.??.??"]
[Round "3"]
[White "Korotylev, Alexey"]
[Black "Saulin, Dmitri"]
[Result "1-0"]
[WhiteElo "2435"]
[BlackElo "2395"]

1.d4 Nf6 2.c4 e6 3.Nf3 b6 4.a3 Bb7 5.Nc3 d5 6.Qc2 Nbd7 7.cxd5 Nxd5 8.e4 Nxc3
9.bxc3 c5 10.Bf4 Qc8 11.d5 exd5 12.exd5 Be7 13.Rd1 O-O 14.Bd3 g6 15.c4 b5
16.O-O b4 17.h4 Qd8 18.h5 Qb6 19.Rfe1 Rfe8 20.hxg6 hxg6 21.d6 Bxd6 22.Rxe8+ Rxe8
23.Bxg6 Bxf4 24.Bxf7+ Kxf7 25.Qh7+ Kf8 26.Qh8+ Ke7 27.Qg7+  1-0

[Event "Moscow Alekhine op"]
[Site "Moscow"]
[Date "1996.??.??"]
[Round "5"]
[White "Krasnov, Sergey"]
[Black "Tunik, Gennady"]
[Result "0-1"]
[WhiteElo "2340"]
[BlackElo "2475"]

1.d4 Nf6 2.c4 e6 3.Nf3 b6 4.a3 Ba6 5.Qc2 Bb7 6.Nc3 c5 7.dxc5 Bxc5 8.Bg5 h6
9.Bh4 a6 10.e3 Be7 11.Be2 d6 12.h3 Nbd7 13.O-O Qc7 14.Nd4 Nc5 15.f3 Rc8 16.Rad1 O-O
17.Bg3 Qb8 18.Rfe1 Rfe8 19.Bh2 Ncd7 20.Qb3 Ba8 21.Bf1 Ne5 22.Rc1 Bd8 23.Red1 Bc7
24.Kh1 Bb7 25.Qa4 Qa8 26.b4 Bb8 27.Qb3 d5 28.cxd5 Nxd5 29.Na4 Nd7 30.Bg1 N5f6
31.Bf2 Be5 32.Be2 Rxc1 33.Rxc1 Bxd4 34.exd4 Qb8 35.Qe3 Nd5 36.Qd2 N7f6 37.Bd3 Rc8
38.Kg1 Rxc1+ 39.Qxc1 Qd6 40.Bf1 Bc6 41.Nb2 Bb5 42.Qc8+ Qf8 43.Qc2 Bxf1 44.Kxf1 Qe8
45.Ke1 a5 46.bxa5 bxa5 47.Nd3 Qb5 48.Kd2 Nb6 49.Ke1 Nfd5 50.Nc5 Nc4 51.Qc1 Nd6
52.g4 Nc4 53.h4 a4 54.h5 Qa5+ 55.Kf1 Nd2+ 56.Kg2 Nf4+ 57.Kh1 Qa8 58.Ne4 Nxe4
59.Kh2 Nd3  0-1

[Event "RUS-Cup2"]
[Site "Moscow"]
[Date "1996.??.??"]
[Round "5"]
[White "Potapenko, A."]
[Black "Glagolev, BA."]
[Result "1-0"]
[WhiteElo "2210"]
[BlackElo "2055"]

1.d4 Nf6 2.c4 e6 3.Nf3 b6 4.a3 Bb7 5.e3 c5 6.Nc3 d5 7.Be2 Nbd7 8.O-O Be7
9.dxc5 bxc5 10.b4 O-O 11.b5 Qc7 12.Bb2 Bd6 13.h3 Rfd8 14.Qc2 dxc4 15.Nd2 Nb6
16.a4 a5 17.Nxc4 Nxc4 18.Bxc4 Rd7 19.f4 Rad8 20.Rad1 Bc8 21.Ba2 c4 22.Ne2 Nd5
23.Rxd5 exd5 24.Bb1 f5 25.Qxf5 g6 26.Qf6 Rg7 27.f5 Re8 28.fxg6 h6 29.Nf4 Be5
30.Nh5 Bxf6 31.Nxf6+ Kf8 32.Ba3+ Ree7 33.Nxd5+ Ke8 34.Nxc7+ Rxc7 35.Rf8+  1-0

[Event "Moscow-ch"]
[Site "Moscow"]
[Date "1996.??.??"]
[Round "6"]
[White "Umanskaya, Irina"]
[Black "Olenin, Nikolay"]
[Result "0-1"]
[WhiteElo "2295"]
[BlackElo "2385"]

1.d4 Nf6 2.c4 e6 3.Nf3 b6 4.a3 Ba6 5.e3 d5 6.Nbd2 Be7 7.cxd5 Bxf1 8.Nxf1 Qxd5
9.Ng3 h5 10.Ne2 h4 11.h3 Nbd7 12.Nc3 Qb7 13.O-O Nd5 14.Qe2 N7f6 15.Qb5+ Kf8
16.Nxd5 Qxd5 17.Qxd5 exd5 18.b4 Bd6 19.Bb2 Ne4 20.Rfd1 a5 21.Ne5 axb4 22.axb4 Ke7
23.Nd3 g5 24.f3 Ng3 25.Rxa8 Rxa8 26.Ra1 Rxa1+ 27.Bxa1 Kd7 28.b5 f6 29.Bb2 Be7
30.f4 Bd8 31.fxg5 fxg5 32.Ne5+ Ke6 33.Nc6 Bf6 34.Kf2 Bg7 35.Na7 Kf5 36.Kf3 Ne4
37.Bc1 Bf8 38.Nc6 Bd6 39.Na7 Nf6 40.Nc6 g4+ 41.hxg4+ Nxg4 42.Bd2 Nh2+ 43.Ke2 Ke4
44.Ne5 Bxe5 45.dxe5 Kxe5 46.Be1 Ke4 47.Bxh4 Ng4 48.Bd8 Nxe3 49.Bxc7 Nc4 50.Bxb6 Nxb6
51.g4 Kd4 52.g5 Ke5 53.g6 Nc8  0-1

[Event "Moscow Alekhine op"]
[Site "Moscow"]
[Date "1996.??.??"]
[Round "9"]
[White "Yanvarjov, Igor"]
[Black "Roschina, Tatiana"]
[Result "1/2-1/2"]
[WhiteElo "2430"]
[BlackElo "2315"]

1.d4 Nf6 2.Nf3 e6 3.c4 b6 4.a3 Bb7 5.Nc3 d5 6.Bg5 Be7 7.Bxf6 Bxf6 8.cxd5 exd5
9.Qb3 O-O 10.Rd1 Re8 11.g3 c5 12.Bg2 Nc6 13.dxc5 Ba6 14.O-O Bc4 15.Qa4 Bxc3
16.bxc3 b5 17.Qc2 Bxe2 18.Nd4 Bxd1 19.Rxd1 Nxd4 20.cxd4 Qd7 21.c6 Qd6 22.Qb3 Red8
23.Rc1 Rac8 24.Qxb5 Qxa3 25.Qc5 Qxc5 26.Rxc5 Rd6 27.Bxd5 Kf8 28.Kf1 Ke7 29.Ke2 Rxd5
30.Rxd5 Rxc6 31.Ra5 a6 32.Kd3 Kd7 33.h4 Kc7 34.d5 Rf6 35.Ra2 Rb6 36.Kc4 Kd7  1/2-1/2

[Event "Moscow-ch"]
[Site "Moscow"]
[Date "1996.??.??"]
[Round "9"]
[White "Notkin, Maksim"]
[Black "Tunik, Gennady"]
[Result "1-0"]
[WhiteElo "2520"]
[BlackElo "2440"]

1.d4 Nf6 2.c4 e6 3.Nf3 b6 4.a3 Ba6 5.Qc2 Bb7 6.Nc3 c5 7.e4 cxd4 8.Nxd4 Nc6
9.Nxc6 Bxc6 10.Bf4 Bc5 11.Be2 O-O 12.O-O-O Kh8 13.Kb1 a5 14.Bg3 Qc8 15.e5 Ng8
16.Ne4 Be7 17.h4 Nh6 18.Bf4 Qb7 19.Bf3 Rac8 20.Bg5 Rce8 21.Bxh6 gxh6 22.Ng5 Bxg5
23.Bxc6 Qxc6 24.hxg5 Kg7 25.Rxh6 Rh8 26.Rdh1 Reg8 27.Rxh7+ Rxh7 28.Rxh7+ Kf8
29.f4 Ke8 30.Rh3 Kd8 31.c5 Ke7 32.cxb6 Qxb6 33.Rb3 Qd4 34.Rd3 Qb6 35.Qd2 Rd8
36.Rd6 Qb5 37.Qd3 Qb7 38.Qf3 Qb5 39.Rd2 Qc4 40.Rc2 Qd4 41.g3 d5 42.exd6+ Rxd6
43.Qc3 Qe4 44.Ka2 Qd5+ 45.Qb3 Qe4 46.Rc4 Qg2 47.Rc7+ Rd7 48.Rxd7+ Kxd7 49.Qb5+ Ke7
50.Qxa5 Qxg3 51.Qc5+ Ke8 52.Qc4 Kf8 53.Qc8+ Ke7 54.Qc5+ Ke8 55.Qc4 Kf8 56.a4 Qe1
57.Qc8+ Ke7 58.Qc5+ Ke8 59.a5 Qe4 60.Qb5+ Kf8 61.a6 Qd4 62.Qb8+ Ke7 63.Qb3 Kf8
64.a7  1-0

[Event "Moscow-ch"]
[Site "Moscow"]
[Date "1996.??.??"]
[Round "10"]
[White "Baikov, Vladimir A"]
[Black "Shaposhnikov, Evgeny"]
[Result "1-0"]
[WhiteElo "2470"]
[BlackElo "2345"]

1.d4 Nf6 2.c4 e6 3.Nf3 b6 4.a3 Bb7 5.Nc3 d5 6.cxd5 exd5 7.g3 Be7 8.Qa4+ c6
9.Bg2 O-O 10.O-O Bd6 11.Bg5 Nbd7 12.Rad1 Re8 13.e4 dxe4 14.Ne5 Qc7 15.Nxd7 Nxd7
16.Nxe4 Be7 17.Bf4 Qd8 18.Nc3 b5 19.Qc2 Qb6 20.Be3 Nf6 21.d5 c5 22.Ne4 Nxd5
23.Bxc5 Qg6 24.Bxe7 Rxe7 25.Rd4 Rae8 26.Rfd1 Nb6 27.Rd8 Nc4 28.b3 f6 29.bxc4 Bxe4
30.Bxe4 Rxe4 31.Rxe8+ Qxe8 32.cxb5 h5 33.Kg2 Kf7 34.Qc7+ Re7 35.Qc4+ Kg6
36.Qc6 Qb8 37.a4 Qe5 38.h4 Qf5 39.Qf3 Qc5 40.Rd5  1-0

[Event "Moscow-ch"]
[Site "Moscow"]
[Date "1996.??.??"]
[Round "11"]
[White "Korotylev, Alexey"]
[Black "Kiselev, Sergey"]
[Result "1-0"]
[WhiteElo "2435"]
[BlackElo "2545"]

1.d4 Nf6 2.c4 e6 3.Nf3 b6 4.a3 c5 5.d5 Ba6 6.Qc2 exd5 7.cxd5 g6 8.Nc3 Bg7
9.g3 O-O 10.Bg2 d6 11.O-O Ng4 12.Re1 Nd7 13.Qa4  1-0

[Event "Moscow-ch"]
[Site "Moscow"]
[Date "1996.??.??"]
[Round "11"]
[White "Umanskaya, Irina"]
[Black "Kastanieda, Georgiy"]
[Result "1-0"]
[WhiteElo "2295"]
[BlackElo "2395"]

1.d4 e6 2.c4 Nf6 3.Nf3 b6 4.a3 Ba6 5.e3 d5 6.Nbd2 Be7 7.cxd5 Bxf1 8.Nxf1 Qxd5
9.Ng3 h5 10.Ne2 Nbd7 11.Nc3 Qb7 12.O-O h4 13.h3 O-O-O 14.Qe2 g5 15.Nxg5 Nh5
16.Nxf7 Rdg8 17.e4 Rh7 18.Nh6 Rgh8 19.Qxh5 Bf6 20.Qd1 Rxh6 21.Bxh6 Rxh6 22.Qg4 Qc6
23.Rac1 Bd8 24.Qg7 Rh5 25.Qf7 Rh6 26.Qf4 e5 27.dxe5 Qe6 28.Qe3 Nxe5 29.Nd5 Nd7
30.b4 Rh7 31.f4 Qg8 32.Rc2 Nf8 33.Qe2 Ne6 34.Qc4 Kb8 35.b5 Nc5 36.Nxb6 Qe8
37.Nd5 Nb7 38.Nb4 Ka8 39.Nc6 Rd7 40.Qa4  1-0